| 000 | 01007nas a2200301 4500 | ||
|---|---|---|---|
| 001 | BR2018002692 | ||
| 003 | BR-BrBNA | ||
| 005 | 20231205131518.0 | ||
| 007 | ta | ||
| 008 | 230509b bl.|||p| |||| 00| 00por d | ||
| 040 |
_aBR-BrBNA _bpor _cBiblioteca Nacional de Agricultura |
||
| 041 | _a(En) | ||
| 072 | _aP33 | ||
| 100 | 1 | _aFreitas, J.A.S. de | |
| 100 | 1 | _aSilva, V.R. da | |
| 100 | 1 | _aLuz, F.B. da | |
| 100 | 1 | _aKaiser, D.R. | |
| 100 | 1 | _aZwirtes, A.L. | |
| 245 | 1 | _aSoil carbon and physical-mechanical properties after successive applications of swine and poultry organic waste | |
| 650 | _aANÁLISE DO SOLO | ||
| 650 | _aADUBAÇÃO | ||
| 650 | _aMATÉRIA ORGÂNICA | ||
| 650 | _aPROPRIEDADE FÍSICO-QUÍMICA | ||
| 773 | 0 |
_tPesquisa Agropecuária Tropical (Brazil) _xISSN 1983-4063 _g(Oct-Dec 2018), v. 48(4) p. 390-398 _wBR2018002692 |
|
| 856 | 4 | 0 | _uhttp://www.scielo.br/pdf/pat/v48n4/1983-4063-pat-48-04-0390.pdf |
| 909 |
_a202311 _bLúcia _c55 _dLúcia Elande |
||
| 942 |
_2AGRIS _n0 _cANA |
||
| 999 |
_c255214 _d255214 |
||